Programming and Problem Solving with Python (Record no. 172345)

MARC details
000 -LEADER
fixed length control field 00399nam a22001697a 4500
005 - DATE AND TIME OF LATEST TRANSACTION
control field 20240306170423.0
020 ## - INTERNATIONAL STANDARD BOOK NUMBER
ISBN 978-93-90113-02-6
041 ## - LANGUAGE CODE
Language code of text/sound track or separate title English
082 ## - DEWEY DECIMAL CLASSIFICATION NUMBER
Classification number 005.133 R20 KAM
100 ## - MAIN ENTRY--AUTHOR NAME
Personal name Kamthane Namdev Ashok
245 ## - TITLE STATEMENT
Title Programming and Problem Solving with Python
250 ## - EDITION STATEMENT
Edition statement 2
260 ## - PUBLICATION, DISTRIBUTION, ETC. (IMPRINT)
Place of publication New Delhi
Name of publisher McGraw Hill
Year of publication 2020
300 ## - PHYSICAL DESCRIPTION
Number of Pages 480
365 ## - TRADE PRICE
Price amount 750.00
942 ## - ADDED ENTRY ELEMENTS (KOHA)
Koha item type Books
Holdings
Withdrawn status Lost status Home library Current library Shelving location Date acquired Cost, normal purchase price Full call number Accession Number Cost, replacement price Department Koha item type
    PSG-CAS LIBRARY PSG-CAS LIBRARY SW ROW 2 RACK 27 SHELF 6 06/03/2024 750.00 005.133 R20 KAM 146489 750.00 Computer Science Books
    PSG-CAS LIBRARY PSG-CAS LIBRARY SW ROW 2 RACK 28D SELF 2 06/03/2024 750.00 005.133 R20 KAM 151980 750.00 Computer Science Books
    PSG-CAS LIBRARY PSG-CAS LIBRARY SW ROW 2 RACK 28D SELF 2 06/03/2024 750.00 005.133 R20 KAM 151982 750.00 Computer Science Books
    PSG-CAS LIBRARY PSG-CAS LIBRARY SW ROW 2 RACK 28D SELF 2 06/03/2024 750.00 005.133 R20 KAM 151983 750.00 Computer Science Books
    PSG-CAS LIBRARY PSG-CAS LIBRARY SW ROW 2 RACK 28D SELF 2 06/03/2024 750.00 005.133 R20 KAM 151984 750.00 Computer Science Books

Contact Us:

PSGCAS LIBRARY
Phone: 04224303300
Website: http://www.psgcas.ac.in/ | Email: psgcaslib@gmail.com


You are Visitor Number

web counter